Hablar, leer y escribir en el Jardín de Infantes: reflexiones y propuestas de escritura y oralidad

Shranjeno v:
Bibliografske podrobnosti
Main Authors: Ortiz, Beatriz Irene (autora), Lillo, Mario (Author)
Format: Knjiga
Jezik:španščina
Izdano: Rosario Homo Sapiens Ediciones 2011
Izdaja:1a. ed
Serija:Educación Inicial
Teme:
Oznake: Označite
Brez oznak, prvi označite!

MARC

LEADER 00000cam a2200000 a 4500
001 UCD5053
003 CL-VaPUC
008 160807e20110000ag |||||||||||||||||spa|d
020 |a 9789508086228 
082 0 4 |a 371.1  |b ORT  |2 21 
100 |a Ortiz, Beatriz Irene  |e autora  |9 588791 
700 0 |a Lillo, Mario  |e author  |9 588792 
245 1 0 |a Hablar, leer y escribir en el Jardín de Infantes: reflexiones y propuestas de escritura y oralidad 
250 |a 1a. ed 
300 |a 128 p 
942 |c BK 
945 |d 20160807 22:49:00  |a dcastane 
260 |a Rosario  |b Homo Sapiens Ediciones  |c 2011 
650 0 |a Educación preescolar  |9 260381 
650 0 |a Formación docente   |9 494449 
583 |a last modification  |c 20160807 22:49:00  |k Rodrigo Vera 
490 0 |a Educación Inicial 
999 |c 365820  |d 365818 
952 |0 0  |1 0  |3 erb  |4 0  |6 371_100000000000000_ORT_2011  |7 0  |8 A  |9 479787  |a BIBEDU  |b BIBEDU  |i 5335574  |o 371.1 ORT 2011  |p 5335574  |r 2019-11-24  |w 2019-11-24  |y BK  |z Catalogado en:20160807  |k PAR